Analýza determinantov investičnej atraktívnosti ekonomiky SR bakalárska práca

Salvato in:
Dettagli Bibliografici
Autore principale: Sýkorová, Daniela
Ente Autore: Podnikovohospodárska fakulta EU so sídlom v Košiciach. Katedra marketingu a obchodu
Altri autori: Andrejčíková, Mária
Natura: Libro
Lingua:slovacco
Pubblicazione: Košice 2009
Tags: Aggiungi Tag
Nessun Tag, puoi essere il primo ad aggiungerne!!

MARC

LEADER 00000nam$a2200000$$$4500
001 0106485
005 20240319131715.0
041 0 |a slo 
044 |a SK 
245 1 0 |a Analýza determinantov investičnej atraktívnosti ekonomiky SR  |b bakalárska práca  |c Daniela Sýkorová ; škol. Mária Andrejčíková 
264 1 |a Košice  |c 2009 
300 |a 107 s. 
100 1 |a Sýkorová, Daniela 
700 1 |a Andrejčíková, Mária 
710 2 |a Podnikovohospodárska fakulta EU so sídlom v Košiciach. Katedra marketingu a obchodu